00285nam a2200109Ia 4500008004100000020001800041082001400059100003400073245003900107260001000146500001900156260604s9999 xx 000 0 und d a9780603570360 a808.3 MUR aDean International Publishing 0aMy Naughty Little Sister`s Friends bSHREE aNaughty Little